A dinasztia szolgálatában közügyek, hivatal és igazgatás az Anjouk országaiban /

Elmentve itt :
Bibliográfiai részletek
Szerző: Gálffy László
Dokumentumtípus: Cikk
Megjelent: 2022
Sorozat:Aetas 37 No. 2
Kulcsszavak:Anjou-ház története - 13-15. sz. - könyvismertetés
Tárgyszavak:
Online Access:http://acta.bibl.u-szeged.hu/78113
LEADER 00766nab a2200205 i 4500
001 acta78113
005 20230127091832.0
008 230127s2022 hu o 0|| hun d
022 |a 0237-7934 
040 |a SZTE Egyetemi Kiadványok Repozitórium  |b hun 
041 |a hun 
100 1 |a Gálffy László 
245 1 2 |a A dinasztia szolgálatában   |h [elektronikus dokumentum] :  |b közügyek, hivatal és igazgatás az Anjouk országaiban /  |c  Gálffy László 
260 |c 2022 
300 |a 176-183 
490 0 |a Aetas  |v 37 No. 2 
650 4 |a Bölcsészettudományok 
650 4 |a Történettudomány és régészet 
695 |a Anjou-ház története - 13-15. sz. - könyvismertetés 
856 4 0 |u http://acta.bibl.u-szeged.hu/78113/1/aetas_2022_002_176-183.pdf  |z Dokumentum-elérés